| 000 | ncm a22 a 4500 | ||
|---|---|---|---|
| 999 |
_c369340 _d369340 |
||
| 003 | BLK | ||
| 005 | 20201007040823.0 | ||
| 008 | 200403b bu ||||| |||| 00| 0 bu d | ||
| 040 | _aBLK | ||
| 041 |
_aBUL _cBUL |
||
| 080 |
_aКонцерт за флейта и оркестър _b785.6:788.5 _z785.6:788.5 |
||
| 100 |
_aЛобковский, Абрам Михайлович _eпърви автор _91299 |
||
| 139 |
_aЛобковский, Абрам Михайлович _bЛ 74 |
||
| 245 |
_aКонцерт-каприччио _bДля флейты-пикколо, струнных, ударн,х и арфы _cАбрам Лобковский |
||
| 260 |
_9402764 _aМосква _bМузыка _c1979 |
||
| 300 |
_a31 с. _c28 см |
||
| 380 | _a7 | ||
| 650 | 7 |
_9175883 _aФлейта |
|
| 653 | 7 |
_9197646 _aструнни музикални инструменти |
|
| 653 | 7 |
_9198928 _aударни музикални инструменти |
|
| 653 | 7 |
_9181337 _aарфа |
|
| 852 |
_aЦб М II 8505 _bЦб |
||
| 942 |
_cNOT _n0 _s1 |
||
| 944 |
_aCR _c2020-06-18 _kВ. Т. |
||
| 999 | _d369340 | ||